|
|
|
|
| LEADER |
00000nam2a2200000 4500 |
| 001 |
310054 |
| 005 |
20231102002241.0 |
| 035 |
|
|
|a (RuTPU)RU\TPU\book\335395
|
| 035 |
|
|
|a RU\TPU\book\335394
|
| 090 |
|
|
|a 310054
|
| 100 |
|
|
|a 20151120d1958 km y0rusy50 ca
|
| 101 |
0 |
|
|a rus
|
| 102 |
|
|
|a RU
|
| 105 |
|
|
|a a z 001zy
|
| 200 |
0 |
|
|a Кн. 2
|
| 210 |
|
|
|d 1958
|
| 215 |
|
|
|a 340 с.
|c ил.
|
| 320 |
|
|
|a Библиогр.: с. 337-338.
|
| 461 |
|
1 |
|0 (RuTPU)RU\TPU\book\334749
|t Автоматические линии в машиностроении
|o в 2 кн.
|f А. П. Владзиевский
|v Кн. 2
|d 1958
|
| 606 |
1 |
|
|a Станочные линии автоматические в машиностроении
|2 stltpush
|3 (RuTPU)RU\TPU\subj\56800
|9 74690
|
| 610 |
1 |
|
|a машиностроение
|
| 610 |
1 |
|
|a автоматические линии
|
| 610 |
1 |
|
|a корпусные детали
|
| 610 |
1 |
|
|a механическая обработка
|
| 610 |
1 |
|
|a валы
|
| 610 |
1 |
|
|a диски
|
| 610 |
1 |
|
|a штамповка
|
| 610 |
1 |
|
|a сварочные работы
|
| 610 |
1 |
|
|a комплексные автоматические работы
|
| 610 |
1 |
|
|a сборочные работы
|
| 610 |
1 |
|
|a отделочные работы
|
| 610 |
1 |
|
|a металлургические предприятия
|
| 610 |
1 |
|
|a радиотехнические предприятия
|
| 610 |
1 |
|
|a абразивные изделия
|
| 675 |
|
|
|a 621.002:658.527
|v 4
|
| 801 |
|
1 |
|a RU
|b 63413507
|c 20151120
|
| 801 |
|
2 |
|a RU
|b 63413507
|c 20151130
|g RCR
|
| 942 |
|
|
|c BK
|